Imej dan cita-cita : (Record no. 3793)

000 -LEADER
fixed length control field aam a22 a 4500
003 - CONTROL NUMBER IDENTIFIER
control field AKMAL
005 - DATE AND TIME OF LATEST TRANSACTION
control field 20170524085149.0
008 - FIXED-LENGTH DATA ELEMENTS--GENERAL INFORMATION
fixed length control field 170524s1981 my a a00 may d
039 #9 - LEVEL OF BIBLIOGRAPHIC CONTROL AND CODING DETAIL [OBSOLETE]
Level of rules in bibliographic description 200804240946
Level of effort used to assign nonsubject heading access points rfid1
Level of effort used to assign subject headings 200605051123
Level of effort used to assign classification aziah
Level of effort used to assign subject headings 200604051104
Level of effort used to assign classification aziah
Level of effort used to assign subject headings 200604051100
Level of effort used to assign classification aziah
040 ## - CATALOGING SOURCE
Original cataloging agency AKMAL
Transcribing agency AKMAL
049 00 - LOCAL HOLDINGS (OCLC)
Holding library bgkmalpma
082 04 - DEWEY DECIMAL CLASSIFICATION NUMBER
Classification number 899.066 HAS
Edition number 21
090 00 - LOCALLY ASSIGNED LC-TYPE CALL NUMBER (OCLC); LOCAL CALL NUMBER (RLIN)
Classification number (OCLC) (R) ; Classification number, CALL (RLIN) (NR) 899.066
Local cutter number (OCLC) ; Book number/undivided call number, CALL (RLIN) HAS
090 20 - LOCALLY ASSIGNED LC-TYPE CALL NUMBER (OCLC); LOCAL CALL NUMBER (RLIN)
Classification number (OCLC) (R) ; Classification number, CALL (RLIN) (NR) 899.066
Local cutter number (OCLC) ; Book number/undivided call number, CALL (RLIN) HAS
245 00 - TITLE STATEMENT
Title Imej dan cita-cita :
Remainder of title kertas kerja hari sastera 1980
260 ## - PUBLICATION, DISTRIBUTION, ETC.
Place of publication, distribution, etc. Kuala Lumpur :
Name of publisher, distributor, etc. Dewan Bahasa dan Pustaka ,
Date of publication, distribution, etc. 1981
300 00 - PHYSICAL DESCRIPTION
Extent 374ms. :
Other physical details il. ;
Dimensions 22cm.
650 #0 - SUBJECT ADDED ENTRY--TOPICAL TERM
Topical term or geographic name entry element Malay essays
9 (RLIN) 7507
710 2# - ADDED ENTRY--CORPORATE NAME
Corporate name or jurisdiction name as entry element Hari Sastera
Date of meeting or treaty signing (1980 :
Location of meeting Ipoh)
9 (RLIN) 7508
942 ## - ADDED ENTRY ELEMENTS (KOHA)
Source of classification or shelving scheme
Koha item type Book
Holdings
Withdrawn status Lost status Source of classification or shelving scheme Damaged status Not for loan Collection code Home library Current library Date acquired Inventory number Total Checkouts Full call number Barcode Date last seen Price effective from Koha item type
          NON-FICTION AKMAL Melaka AKMAL Melaka 24.05.2017 800446   899.066 HAS 201704881 24.05.2017 24.05.2017 Book
Pusat Sumber Maklumat Dato' Haji Sarmin Md Hussin, Akademi Kastam Diraja Malaysia, Melaka
Tel: 06-2331106 | Faks: 06-2313787